Sự đổi mới quan niệm nghệ thuật về con người trong sáng tác của Nguyễn Minh Châu những năm 80 : Tóm tắt luận văn Thạc sĩ /
Salvato in:
| Autore principale: | |
|---|---|
| Altri autori: | |
| Natura: | Tesi |
| Lingua: | Vietnamese |
| Pubblicazione: |
Đà lạt :
Đại học Đà lạt,
2004
|
| Soggetti: | |
| Tags: |
Aggiungi Tag
Nessun Tag, puoi essere il primo ad aggiungerne! !
|
| Thư viện lưu trữ: | Thư viện Trường Đại học Đà Lạt |
|---|
| LEADER | 00965nam a2200277 4500 | ||
|---|---|---|---|
| 001 | DLU050031149 | ||
| 005 | ##20050322 | ||
| 040 | # | # | |a DLU |b vie |
| 041 | # | # | |a vie |
| 044 | # | # | |a vn |
| 082 | # | # | |a 800 |b LE-H |
| 100 | # | # | |a Lê Thị Quỳnh Hảo |
| 245 | # | # | |a Sự đổi mới quan niệm nghệ thuật về con người trong sáng tác của Nguyễn Minh Châu những năm 80 : |b Tóm tắt luận văn Thạc sĩ / |c Lê Thị Quỳnh Hảo; Nguyễn Văn Kha hướng dẫn |
| 260 | # | # | |a Đà lạt : |b Đại học Đà lạt, |c 2004 |
| 300 | # | # | |a 24 tr. ; |c 21 cm |
| 600 | # | # | |a Nguyễn Minh Châu |
| 700 | # | # | |a Nguyễn Văn Kha |c TS |e hướng dẫn |
| 915 | # | # | |a Văn học Việt Nam |b 60.22.34 |c Thạc sĩ |d Trường Đại học Đà lạt |e Bộ Giáo dục và Đào tạo |
| 994 | # | # | |a DLU |
| 900 | # | # | |a True |
| 911 | # | # | |a Đào Thị Thu Huyền |
| 925 | # | # | |a G |
| 926 | # | # | |a A |
| 927 | # | # | |a LA |
| 980 | # | # | |a Thư viện Trường Đại học Đà Lạt |